S16-1 駅名クイズ - 2000年の名鉄 ver. - Statistics

General Stats
  • This quiz has been taken 79 times
    25 since last reset
  • The average score is 186 of 357
Answer Stats
Answer % Correct
新名古屋
95%
新岐阜
95%
金山
89%
新一宮
84%
犬山
84%
豊橋
79%
東岡崎
79%
神宮前
79%
吉良吉田
79%
こどもの国
79%
蒲郡
79%
岩倉
79%
犬山遊園
79%
新鵜沼
79%
ナゴヤ球場前
74%
栄生
74%
東枇杷島
74%
西枇杷島
74%
豊川稲荷
74%
碧海桜井
74%
西幡豆
74%
東幡豆
74%
刈谷
74%
刈谷市
74%
猿投
74%
太田川
74%
常滑
74%
知多半田
74%
富貴
74%
河和口
74%
河和
74%
内海
74%
弥富口
74%
弥富
74%
江吉良
74%
下小田井
74%
中小田井
74%
上小田井
74%
江南
74%
田神
74%
東大手
74%
尾張瀬戸
74%
伊奈
68%
小田渕
68%
国府
68%
御油
68%
本宿
68%
名電山中
68%
美合
68%
岡崎公園前
68%
新安城
68%
知立
68%
鳴海
68%
本星崎
68%
本笠寺
68%
68%
新清洲
68%
大里
68%
木曽川堤
68%
東笠松
68%
笠松
68%
茶所
68%
加納
68%
南安城
68%
西尾
68%
三河鳥羽
68%
蒲郡競艇場前
68%
三河高浜
68%
碧南中央
68%
碧南
68%
三河知立
68%
豊田市
68%
梅坪
68%
西中金
68%
赤池
68%
大江
68%
尾張横須賀
68%
東名古屋港
68%
南加木屋
68%
阿久比
68%
住吉町
68%
上ゲ
68%
知多武豊
68%
美浜緑苑
68%
知多奥田
68%
津島
68%
佐屋
68%
玉ノ井
68%
羽島市役所前
68%
大須
68%
新羽島
68%
徳重
68%
布袋
68%
学校前
68%
明智
68%
上飯田
68%
三柿野
68%
栄町
68%
男川
63%
矢作橋
63%
豊明
63%
前後
63%
呼続
63%
堀田
63%
須ケ口
63%
丸ノ内
63%
島氏永
63%
石刀
63%
新木曽川
63%
岐南
63%
八幡
63%
北安城
63%
碧海堀内
63%
西尾口
63%
三好ケ丘
63%
道徳
63%
大同町
63%
新日鉄前
63%
寺本
63%
古見
63%
榎戸
63%
高横須賀
63%
上野間
63%
野間
63%
七宝
63%
木田
63%
五ノ三
63%
森上
63%
西一宮
63%
西笠松
63%
竹鼻
63%
石仏
63%
扶桑
63%
日本ライン今渡
63%
新可児
63%
御嵩
63%
小牧
63%
小牧口
63%
味美
63%
味鋺
63%
鵜沼宿
63%
名電各務原
63%
大曽根
63%
守山自衛隊前
63%
瓢簞山
63%
尾張旭
63%
新瀬戸
63%
瀬戸市役所前
63%
岐阜駅前
63%
谷汲
63%
名電赤坂
58%
名電長沢
58%
藤川
58%
宇頭
58%
牛田
58%
富士松
58%
中京競馬場前
58%
有松
58%
二ツ杁
58%
新川橋
58%
奥田
58%
国府宮
58%
今伊勢
58%
黒田
58%
諏訪町
58%
稲荷口
58%
碧海古井
58%
米津
58%
重原
58%
若林
58%
日進
58%
豊田本町
58%
柴田
58%
名和
58%
聚楽園
58%
朝倉
58%
新舞子
58%
大野町
58%
西ノ口
58%
多屋
58%
巽ケ丘
58%
成岩
58%
南成岩
58%
布土
58%
甚目寺
58%
勝幡
58%
不破一色
58%
西春
58%
大山寺
58%
柏森
58%
木津用水
58%
犬山口
58%
西可児
58%
可児川
58%
顔戸
58%
御嵩口
58%
春日井
58%
新那加
58%
小幡
58%
水野
58%
八百津
58%
一ツ木
53%
左京山
53%
妙興寺
53%
上横須賀
53%
形原
53%
高浜港
53%
三河八橋
53%
平戸橋
53%
浄水
53%
蒲池
53%
青塚
53%
藤浪
53%
日比野
53%
上丸渕
53%
開明
53%
奥町
53%
富岡前
53%
善師野
53%
小牧原
53%
市民公園前
53%
新加納
53%
清水
53%
大森・金城学院前
53%
三郷
53%
競輪場前
53%
桜町前
47%
福地
47%
三河鹿島
47%
三河一色
47%
土橋
47%
上挙母
47%
長浦
47%
日長
47%
八幡新田
47%
坂部
47%
椋岡
47%
丸渕
47%
田県神社前
47%
手力
47%
矢田
47%
喜多山
47%
旭前
47%
47%
動物園
47%
西浦
42%
竹村
42%
三河広瀬
42%
上豊田
42%
黒笹
42%
米野木
42%
白沢
42%
町方
42%
玉野
42%
萩原
42%
苅安賀
42%
観音寺
42%
羽黒
42%
楽田
42%
味岡
42%
二十軒
42%
六軒
42%
切通
42%
尼ケ坂
42%
新岐阜駅前
42%
成田山
42%
小垣江
37%
北新川
37%
新川町
37%
玉津浦
37%
三河平坂
37%
越戸
37%
半田口
37%
六輪
37%
山崎
37%
二子
37%
間内
37%
牛山
37%
苧ケ瀬
37%
各務原飛行場
37%
細畑
37%
森下
37%
印場
37%
徹明町
37%
新関
37%
三河荻原
32%
西一色
32%
枝下
32%
植大
32%
渕高
32%
柳津
32%
南宿
32%
須賀
32%
中区
32%
羽場
32%
高田橋
32%
忠節
32%
野一色
32%
日野橋
32%
黒野
32%
近ノ島
32%
旦ノ島
32%
本揖斐
32%
市ノ坪
32%
鎌谷
26%
吉浜
26%
棚尾
26%
三河旭
26%
寺津
26%
松木島
26%
北一色
26%
琴塚
26%
三河楠
21%
三河御船
21%
牧野
21%
八神
21%
金宝町
21%
下芥見
21%
上芥見
21%
黒野北口
21%
兼山
21%
中野
21%
中畑
16%
千手堂
16%
西野町
16%
梅林
16%
金園町九丁目
16%
更地
16%
北野畑
16%
長瀬
16%
尻毛
16%
又丸
16%
北方東口
16%
北方千歳町
16%
美濃北方
16%
中之元
16%
兼山口
16%
長間
11%
市之枝
11%
早田
11%
金園町四丁目
11%
岩田坂
11%
岩田
11%
白金
11%
小屋名
11%
赤土坂
11%
新田
11%
真桑
11%
相羽
11%
金町
5%
本郷町
5%
豊木
5%
稲富
5%
赤石
5%
政田
5%
下方
5%
No matching quizzes found
Score Distribution
Percent of People with Each Score
Percentile by Number Answered
Your Score History
You have not taken this quiz since the last reset